Cliquez sur les O en 15 secondes - mort subite - Statistiques

Statistiques générales
  • Ce quiz a été pris 357 fois
    106 depuis la dernière actualisation
  • Le résultat moyen est 7 sur 8
Answers on the Grid
Answers color-coded by a green-red scale on the quiz's grid according to % correct below.
Q
Q
Q
Q
Q
Q
Q
Q
Q
Q
Q
Q
Q
Q
Q
Q
Q
Q
Q
Q
Q
Q
Q
Q
Q
O
O
O
O
O
Q
O
Q
Q
Q
Q
Q
Q
Q
Q
Q
Q
Q
Q
Q
Q
Q
Q
Q
Q
Q
Q
Q
Q
Q
Q
Q
Q
Q
Q
O
O
Q
Q
Q
Q
Q
Q
Q
Q
 
Statistiques - réponses
Réponse % Correct
O
94%
O
88%
O
88%
O
87%
O
85%
O
83%
O
83%
O
77%
Aucun quiz correspondant
Distribution des résultats
% des personnes avec chaque résultat
Percentile par nombre de réponses
Votre historique - résultats
Vous n’avez pas pris ce quiz depuis la dernière actualisation